Countries with 5 characters - Statistics

General Stats
  • This quiz has been taken 35 times
  • The average score is 21 of 24
Answer Stats
Continent Country % Correct
South America Chile
97%
Oceania Palau
97%
Africa Egypt
94%
Asia Japan
94%
Oceania Nauru
94%
Europe Spain
94%
Africa Niger
91%
Oceania Samoa
91%
Africa Sudan
91%
Africa Benin
88%
Asia China
88%
Africa Gabon
88%
North America Haiti
88%
Africa Kenya
85%
Asia Qatar
85%
Asia India
82%
Africa Libya
82%
Asia Nepal
82%
Oceania Tonga
82%
Europe Malta
79%
Asia Syria
79%
Asia Yemen
79%
Europe Italy
76%
Africa Ghana
73%
No matching quizzes found
Score Distribution
Percent of People with Each Score
Percentile by Number Answered
Your Score History
You have not taken this quiz